EU-Länder-Sudden Death - Statistiken

Allgemein
  • Dieses Quiz wurde 163 mal gespielt
  • Das Durchschnittsergebnis liegt bei 7 aus 10
Answers on the Grid
Answers color-coded by a green-red scale on the quiz's grid according to % correct below.
Lettland
Norwegen
Schweiz
Italien
Finnland
Island
Malta
Kroatien
Rumänien
Serbien
Portugal
Frankreich
Estland
Luxemburg
Bosnien und Herzegovina
 
Antwortstatistiken
Antwort % Korrekt
Italien
83%
Frankreich
80%
Lettland
72%
Portugal
72%
Luxemburg
66%
Kroatien
65%
Estland
59%
Finnland
59%
Rumänien
52%
Malta
50%
Keine übereinstimmenden Quizze gefunden
Verteilung der Resultate
Anzahl Personen mit jedem Resultat
Perzentil nach korrekt beantworteten Fragen
Ihre Resultats-Entwicklung
Sie haben dieses Quiz noch nicht gespielt